| 000 | 00693nam a2200217 a 4500 | ||
|---|---|---|---|
| 001 | 000043028 | ||
| 005 | 20201002040602.0 | ||
| 008 | 140217s1990 xxuac 001 0 spa d | ||
| 020 | _a0394499735 | ||
| 040 |
_aDO-SdBNP _bspa _cBNPHU |
||
| 041 | 1 | 7 | _aeng |
| 100 | 1 |
_aCaro, Robert A. _970555 |
|
| 245 | 1 | 0 |
_aMeans of ascent / _cRobert A. Caro. |
| 260 |
_aNew York : _bVintage Books, _c1990. |
||
| 300 |
_axxxiv, 522 p. : _bil., retrs. ; _c24 cm. |
||
| 490 | 1 |
_aThe Years of Lyndon Johnson _v2 |
|
| 500 | _aIncluye índice | ||
| 504 | _aBibliografía : p. 506 | ||
| 504 | _aIncluye referencias bibliográficas y notas al pie de las páginas | ||
| 830 | 0 |
_aThe Years of Lyndon Johnson _v2 _970556 |
|
| 999 |
_c42517 _d42517 |
||